000 00391nam a2200157 i 4500
001 57961
003 ES-MaACL
005 20230906163706.0
007 t|
008 031020s1923 fr ||||1| fre d
100 1 _aDoumer, Paul.
_945505
245 1 0 _aLivre de mes fils /
_cPaul Doumer.
260 _aAlbi :
_bEd. Julien,
_c1923.
300 _a350 p. ;
_c20 cm.
852 _aES-MaACL
_jF-4680
999 _c57961
_d57961